000 00499nam a2200181Ia 4500
001 5214
005 20260306145852.0
008 260306t1995||||xx |||||||||||||| ||spa||
041 _aESP
082 _a338.185
_bS25
100 _aSantos Granero, Fernando [1955-...]
_eAUT
245 0 _aOrdenes y desórdenes en la selva central:
_bhistoria y economía de un espacio regional
260 _c1995
300 _a365 páginas :
_c24 cm.
650 _aGEN
654 _aCAN
942 _cLIB
_dJUS
_fJUS
_2ddc
_n
999 _c5214
_d5214